00246nam a2200097Ia 4500008004100000082000800041100001200049245006600061942000600127999001500133240331s9999 xx 000 0 und d bBES aBest, S 4aThe politics of historical vision :bMarx, Foucault, Habermas cL c2248d2248